000 00536nam a2200217Ia 4500
003 OSt
005 20220924133927.0
006 a|||||r|||| 00| 0
007 ta
008 220923b |||||||| |||| 00| 0 snd d
024 _a271152
037 _cTextual
040 _aARTS
_cARTS
_bsnd
041 _2snd
_asnd
082 _a/\2y7M81w, 1593K3
100 _aBrihamchari
_9207693
245 0 _aLila Shahvani
260 _c1963
942 _h/\2y7M81w, 1593K3
_cTEXL
_2CC
999 _c435774
_d435774